Paraules del President de la Generalitat : gener-desembre 1984 / Jordi Pujol gener-desembre 1984 / Jordi Pujol
Publicado:
Barcelona :
Generalitat de Catalunya, Departament de la Presidència, Servei Central de Publicacions ,
1987
Descripción Física:
489 p. ; 22 cm
Materias:
Pujol, Jordi -- Discursos
MARC
| LEADER | 00000nam a2200000Ia 4500 | ||
|---|---|---|---|
| 001 | 7588 | ||
| 008 | 160829s1987 xx 000 0 cat d | ||
| 080 | |a M-2-186 | ||
| 110 | 1 | |9 54008 |a Catalunya. |b President (1980-2003 : Pujol) | |
| 245 | |a Paraules del President de la Generalitat : |b gener-desembre 1984 / Jordi Pujol | ||
| 260 | |a Barcelona : |b Generalitat de Catalunya, Departament de la Presidència, Servei Central de Publicacions, |c 1987 | ||
| 300 | |a 489 p. ; |c 22 cm | ||
| 490 | |a Paraules del President de la Generalitat ; 11 | ||
| 650 | |a Pujol, Jordi |x Discursos |9 31652 | ||
| 901 | |a Arxiu | ||
| 942 | |n 1 |2 udc | ||
| 952 | |0 0 |1 0 |4 0 |6 M2186 |7 1 |9 42213 |a Arxiu |b Arxiu |d 2016-12-01 |l 0 |o M-2-186 |p 7588 |r 2016-12-01 00:00:00 |w 2016-12-01 |y ARXIU | ||
| 999 | |c 44660 |d 44660 | ||